MARC

LEADER 00000nam0a2200000 4500
001 332295
005 20231101030158.0
035 |a (RuTPU)RU\TPU\book\358212 
035 |a RU\TPU\book\358211 
090 |a 332295 
100 |a 20170519d1979 k y0rusy50 ca 
101 0 |a rus 
102 |a RU 
105 |a a z 001zy 
200 1 |a Вопросы проектирования и конструирования самолетов  |e [сборник статей]  |f Московский авиационный институт (МАИ) ; под ред. С. М. Егера 
210 |a Москва  |c Изд-во МАИ  |d 1979 
215 |a 83 с.  |c ил. 
225 1 |a Тематический сборник научных трудов института  |v Вып. 478 
320 |a Библиография в конце статей 
606 1 |a Самолеты  |x Проектирование  |2 stltpush  |3 (RuTPU)RU\TPU\subj\53662 
610 1 |a конструирование 
610 1 |a автоматизированное проектирование 
610 1 |a программное обеспечение 
610 1 |a летательные аппараты 
610 1 |a оптимизация 
610 1 |a математические методы 
610 1 |a летные характеристики 
610 1 |a вертикальный взлет 
675 |a 629.73.01  |v 4 
702 1 |a Егер  |b С. М.  |4 340 
712 0 2 |a Московский авиационный институт (МАИ)  |c (1930- )  |2 stltpush  |3 (RuTPU)RU\TPU\col\3642 
801 1 |a RU  |b 63413507  |c 20170519 
801 2 |a RU  |b 63413507  |c 20170619  |g RCR 
942 |c BK